000 00680nam a2200289Ia 4500
005 20260324141503.0
008 008 260324s9999 xx 000 0 eng d
020 _a9780429432972
037 _aEBOOK
040 _aCRL
040 _beng
040 _cCRL
041 _2eng
041 _aeng
084 _qCRL
100 _aChris Lonsdale
_91208372
245 4 _aThe UK Equity Gap
245 4 _bThe Failure of Government Policy Since 1945
260 _bTaylor and Francis
260 _c1997
365 _a
365 _b170
856 _uhttp://www.taylorfrancis.com/books/9780429432972
942 _cEBOOK
999 _c1811517
_d1811517